000 00653cam a22002292a 4500
001 018725
003 AR-FADEU
008 311216n2000####xxu####################dd
020 _a950-23-1075-6
092 _a361.2
_bE74
_eBLYNK
100 _aEscolar, Cora, comp.
245 _aTopografías de la investigación : métodos, espacios y prácticas profesionales
260 _aBuenos Aires
260 _bEUDEBA
260 _c2000
300 _a217 p
440 _aTemas
500 _aIncluye bibliografía
700 _aJuan, Besse
650 _aINVESTIGACION; SERVICIO SOCIAL-PROFESIONAL; SERVICIO SOCIAL-METODOLOGIA/BLYNK/
942 _cBLYNK
999 _c24455
_d24455